Statistics for States of Guam by Picture

Click here to take the quiz!

General Stats

  • This quiz has been taken 3 times
  • The average score is 9 of 19

Answer Stats

Answer% Correct
Talofofo
100%
Chalan Pago-Ordot
67%
Dededo
67%
Hagatna
67%
Tamuning
67%
Umatac
67%
Yigo
67%
Agana Heights
33%
Agat
33%
Asan
33%
Barrigada
33%
Inarajan
33%
Mangilao
33%
Merizo
33%
Mongmong-Toto-Maite
33%
Piti
33%
Santa Rita
33%
Sinajana
33%
Yona
33%

Score Distribution

Percentile by Number Answered

Percent of People with Each Score

Your Score History

You have not taken this quiz